[Event "GER-ch Net Amateur Gr-B Vor3"]
[Site "Playchess.com INT"]
[Date "2020.04.16"]
[Round "7"]
[White "Lang, Nico"]
[Black "Abele, Anais"]
[Result "1/2-1/2"]
[WhiteElo "1478"]
[BlackElo "1584"]
[PlyCount "84"]
[EventDate "2020.04.16"]
[EventType "swiss (blitz)"]
[EventRounds "9"]
[EventCountry "GER"]
[SourceTitle "CBM 195 Extra"]
[Source "ChessBase"]
[SourceDate "2020.05.31"]
[SourceVersion "1"]
[SourceVersionDate "2020.05.31"]
[SourceQuality "1"]

1. e4 c5 2. f4 d5 3. exd5 Qxd5 4. Nf3 Nf6 5. Be2 e6 6. 0-0 Nc6 7. d3 Qd8 8. Nc3 Be7 9. Be3 Nd4 10. Ne4 0-0 11. c3 Nxe2+ 12. Qxe2 Nxe4 13. dxe4 Qc7 14. Qf2 b6 15. Rad1 Bb7 16. e5 Rad8 17. b3 Rxd1 18. Rxd1 Rd8 19. Rxd8+ Qxd8 20. Ng5 h6 21. Nf3 Qd1+ 22. Qf1 Bxf3 23. gxf3 Qxf1+ 24. Kxf1 Kf8 25. c4 Ke8 26. Ke2 Kd7 27. Kd2 Kc6 28. Kc2 f6 29. Bf2 f5 30. Kc3 a6 31. a3 b5 32. b4 cxb4+ 33. axb4 bxc4 34. Kxc4 Bd8 35. Bc5 Bb6 36. Bf8 Be3 37. Bxg7 Bxf4 38. h3 h5 39. Bf6 Bg3 40. Bg7 Bf4 41. Bf6 Bg3 42. Bg7 Bf4 1/2-1/2

[Event "GER-ch Net Amateur Gr-B Vor2"]
[Site "Playchess.com INT"]
[Date "2020.04.15"]
[Round "9"]
[White "Abele, Anais"]
[Black "Jessen, Bjarne"]
[Result "0-1"]
[WhiteElo "1598"]
[BlackElo "1660"]
[PlyCount "40"]
[EventDate "2020.04.15"]
[EventType "swiss (blitz)"]
[EventRounds "9"]
[EventCountry "GER"]
[SourceTitle "CBM 196 Extra"]
[Source "ChessBase"]
[SourceDate "2020.07.31"]
[SourceVersion "1"]
[SourceVersionDate "2020.07.31"]
[SourceQuality "1"]

1. e4 e5 2. Nf3 Nc6 3. d4 exd4 4. Nxd4 Nf6 5. Nxc6 bxc6 6. e5 Qe7 7. Qe2 Nd5 8. c4 Ba6 9. b3 g6 10. g3 Bg7 11. Bb2 d6 12. f4 g5 13. Bg2 gxf4 14. Bxd5 cxd5 15. gxf4 dxc4 16. Qg2 Qh4+ 17. Kd1 0-0-0 18. Qxg7 Qxf4 19. Qf6 dxe5+ 20. Kc2 Qxf6 0-1

[Event "GER-ch Net Amateur Gr-B Vor2"]
[Site "Playchess.com INT"]
[Date "2020.04.15"]
[Round "6"]
[White "Abele, Anais"]
[Black "Serreck, Uwe"]
[Result "1-0"]
[WhiteElo "1566"]
[BlackElo "1676"]
[PlyCount "145"]
[EventDate "2020.04.15"]
[EventType "swiss (blitz)"]
[EventRounds "9"]
[EventCountry "GER"]
[SourceTitle "CBM 196 Extra"]
[Source "ChessBase"]
[SourceDate "2020.07.31"]
[SourceVersion "1"]
[SourceVersionDate "2020.07.31"]
[SourceQuality "1"]

1. e4 g6 2. d4 Bg7 3. Nc3 d6 4. Nf3 a6 5. a4 b6 6. Bd3 Nd7 7. 0-0 Bb7 8. Be3 e6 9. Re1 Ne7 10. Nd2 c5 11. dxc5 dxc5 12. f4 Nc6 13. f5 Nd4 14. fxe6 Nxe6 15. Nf3 0-0 16. Qd2 Ne5 17. Nxe5 Bxe5 18. Bh6 Bg7 19. Bxg7 Kxg7 20. Qe2 Nd4 21. Qf2 Qe7 22. Ne2 Rad8 23. Nxd4 Rxd4 24. b3 Qe5 25. Rf1 Rd6 26. Rae1 Qd4 27. Qxd4+ Rxd4 28. Rf2 Rfd8 29. Ref1 R8d7 30. Bc4 Rd1 31. Bd5 Rxf1+ 32. Kxf1 Bxd5 33. exd5 Rxd5 34. Ke1 f5 35. Re2 Kf7 36. h3 Rd6 37. Rf2 Re6+ 38. Kd1 Re4 39. Kd2 Ke6 40. Kd3 Rd4+ 41. Kc3 h6 42. Re2+ Re4 43. Rd2 Ke5 44. Rd8 Kf4 45. Rg8 g5 46. Rg6 Re3+ 47. Kb2 Re2 48. Rxh6 Rxg2 49. Rxb6 Kg3 50. Rxa6 f4 51. Rf6 f3 52. a5 Re2 53. a6 f2 54. a7 Re8 55. c3 Kg2 56. b4 cxb4 57. cxb4 f1Q 58. Rxf1 Kxf1 59. b5 Kg2 60. b6 Kxh3 61. b7 Re2+ 62. Kc3 Re3+ 63. Kd4 Ra3 64. b8Q g4 65. a8Q Rxa8 66. Qxa8 g3 67. Qh1+ Kg4 68. Qg2 Kh4 69. Ke3 Kg4 70. Ke2 Kf4 71. Qf3+ Kg5 72. Qxg3+ Kh5 73. Kf3 1-0

[Event "GER-ch Net Amateur Gr-B Vor1"]
[Site "Playchess.com INT"]
[Date "2020.04.14"]
[Round "9"]
[White "Abele, Anais"]
[Black "Hoffmann, Kay"]
[Result "1-0"]
[WhiteElo "1514"]
[BlackElo "1509"]
[PlyCount "145"]
[EventDate "2020.04.14"]
[EventType "swiss (blitz)"]
[EventRounds "9"]
[EventCountry "GER"]
[SourceTitle "EXT 2021"]
[Source "ChessBase"]
[SourceDate "2020.10.23"]
[SourceVersion "1"]
[SourceVersionDate "2020.10.23"]
[SourceQuality "1"]

1. e4 d5 2. exd5 Qxd5 3. Nc3 Qa5 4. Bc4 Nf6 5. d3 Nc6 6. Nge2 Bg4 7. f3 Bf5 8. 0-0 0-0-0 9. Be3 e5 10. Ng3 Bg6 11. Qe1 Bb4 12. Bd2 Nd4 13. Bb3 Rhe8 14. a3 Bxc3 15. Bxc3 Qb6 16. Bxd4 Qxd4+ 17. Kh1 Qxb2 18. Qa5 Qd4 19. Rfb1 Nd5 20. Bxd5 Rxd5 21. Qb4 Qxb4 22. axb4 a6 23. Ne2 f5 24. Nc3 Rd6 25. b5 axb5 26. Nxb5 Rb6 27. Ra8+ Kd7 28. Rxe8 Kxe8 29. Nxc7+ Kd7 30. Rxb6 Kxc7 31. Re6 e4 32. dxe4 fxe4 33. fxe4 Kd7 34. Re5 Kd6 35. Rb5 Kc6 36. Rb4 b5 37. c3 Kc5 38. Kg1 Be8 39. Kf2 Bc6 40. Ke3 Kd6 41. Kf4 Ke6 42. g3 h6 43. g4 g5+ 44. Kg3 Ke5 45. Kf3 Bd7 46. h3 Bc6 47. Ke3 Bd7 48. c4 bxc4 49. Rxc4 Kd6 50. Rd4+ Ke6 51. Rxd7 Kxd7 52. Kd4 Kd6 53. e5+ Ke6 54. Ke4 Ke7 55. Kf5 Kf7 56. e6+ Ke7 57. Ke5 h5 58. gxh5 g4 59. hxg4 Ke8 60. g5 Kf8 61. h6 Kg8 62. e7 Kf7 63. h7 Kxe7 64. h8Q Kd7 65. Qf6 Kc7 66. Qd6+ Kb7 67. Qc5 Ka6 68. Qb4 Ka7 69. Qb1 Ka6 70. g6 Ka5 71. g7 Ka6 72. g8Q Ka5 73. Qa8# 1-0

[Event "GER-ch Net Amateur Gr-B Vor1"]
[Site "Playchess.com INT"]
[Date "2020.04.14"]
[Round "7"]
[White "Abele, Anais"]
[Black "Schubert, Joachim"]
[Result "0-1"]
[WhiteElo "1519"]
[BlackElo "1668"]
[PlyCount "60"]
[EventDate "2020.04.14"]
[EventType "swiss (blitz)"]
[EventRounds "9"]
[EventCountry "GER"]
[SourceTitle "EXT 2021"]
[Source "ChessBase"]
[SourceDate "2020.10.23"]
[SourceVersion "1"]
[SourceVersionDate "2020.10.23"]
[SourceQuality "1"]

1. e4 c5 2. Nc3 Nc6 3. f4 d6 4. Nf3 e6 5. Bb5 Bd7 6. 0-0 Be7 7. Bxc6 Bxc6 8. d3 Qc7 9. Qe1 b5 10. a4 b4 11. Ne2 Nf6 12. b3 0-0 13. Bb2 Ne8 14. Qg3 f6 15. e5 d5 16. exf6 Nxf6 17. Ne5 d4 18. Bc1 Bb7 19. f5 Bd6 20. Bf4 Nh5 21. Qe1 Nxf4 22. Nxf4 Bxe5 23. Nxe6 Bxh2+ 24. Kh1 Qc6 25. Rf2 Bg3 26. Nxf8 Bxf2 27. Qxf2 Rxf8 28. Rf1 Rxf5 29. Kg1 Rxf2 30. Rxf2 g6 0-1

[Event "GER-ch Net blitz qual4"]
[Site "Playchess.com INT"]
[Date "2020.03.23"]
[Round "7"]
[White "Abele, Anais"]
[Black "Heutling, Elina"]
[Result "0-1"]
[WhiteElo "1784"]
[BlackElo "1833"]
[PlyCount "38"]
[EventDate "2020.03.23"]
[EventType "swiss (blitz)"]
[EventRounds "9"]
[EventCountry "GER"]
[SourceTitle "CBM 195 Extra"]
[Source "ChessBase"]
[SourceDate "2020.05.31"]
[SourceVersion "1"]
[SourceVersionDate "2020.05.31"]
[SourceQuality "1"]

1. e4 e5 2. Nf3 Nc6 3. d4 exd4 4. Nxd4 Nf6 5. Nxc6 bxc6 6. e5 Qe7 7. Qe2 Nd5 8. c4 Ba6 9. b3 Qh4 10. g3 Bb4+ 11. Bd2 Qd4 12. Bxb4 Qxa1 13. Qe4 Nxb4 14. e6 fxe6 15. Bh3 Qd4 16. Qe2 Nd3+ 17. Kf1 0-0 18. Bxe6+ dxe6 19. Qxe6+ Kh8 0-1

[Event "GER-ch Net blitz qual4"]
[Site "Playchess.com INT"]
[Date "2020.03.23"]
[Round "5"]
[White "Abele, Anais"]
[Black "Janzen, Lars"]
[Result "0-1"]
[WhiteElo "1784"]
[BlackElo "2010"]
[PlyCount "118"]
[EventDate "2020.03.23"]
[EventType "swiss (blitz)"]
[EventRounds "9"]
[EventCountry "GER"]
[SourceTitle "CBM 195 Extra"]
[Source "ChessBase"]
[SourceDate "2020.05.31"]
[SourceVersion "1"]
[SourceVersionDate "2020.05.31"]
[SourceQuality "1"]

1. e4 c5 2. Nc3 e6 3. f4 d6 4. Nf3 Nd7 5. Be2 a6 6. a4 b6 7. 0-0 Be7 8. d3 Bb7 9. Qe1 Ngf6 10. Bd1 Qc7 11. f5 Ne5 12. Nxe5 dxe5 13. fxe6 fxe6 14. Qg3 0-0-0 15. Be3 Rhg8 16. Bg4 Qd6 17. Ne2 Nxg4 18. Qxg4 Bf6 19. Rfd1 Kb8 20. c3 Qc6 21. b4 c4 22. d4 Qxe4 23. Qxe4 Bxe4 24. dxe5 Bxe5 25. Bxb6 Rxd1+ 26. Rxd1 Bd3 27. Nd4 Kb7 28. a5 Re8 29. Bc5 Bf6 30. h3 e5 31. Nf3 e4 32. Nd4 e3 33. g3 e2 34. Re1 Bg5 35. Nf3 Bh6 36. g4 Bf4 37. Kg2 Be4 38. Bf2 Bxf3+ 39. Kxf3 Bd2 40. Rxe2 Rxe2 41. Kxe2 Bxc3 42. Bc5 Kc6 43. Kd1 Kb5 44. Kc2 Bxb4 45. Bb6 Bxa5 46. Bxa5 Kxa5 47. Kc3 Kb5 48. h4 Kc5 49. g5 a5 50. h5 a4 51. h6 g6 52. Kc2 Kb4 53. Kb2 c3+ 54. Kc2 a3 55. Kb1 Kb3 56. Ka1 Kc4 57. Kb1 Kd3 58. Ka1 Kd2 59. Ka2 c2 0-1

[Event "GER-ch Net blitz qual4"]
[Site "Playchess.com INT"]
[Date "2020.03.23"]
[Round "3"]
[White "Lohvinov, Petro"]
[Black "Abele, Anais"]
[Result "1-0"]
[WhiteElo "2104"]
[BlackElo "1784"]
[PlyCount "49"]
[EventDate "2020.03.23"]
[EventType "swiss (blitz)"]
[EventRounds "9"]
[EventCountry "GER"]
[SourceTitle "CBM 195 Extra"]
[Source "ChessBase"]
[SourceDate "2020.05.31"]
[SourceVersion "1"]
[SourceVersionDate "2020.05.31"]
[SourceQuality "1"]

1. e4 c5 2. Nf3 d6 3. d4 cxd4 4. Nxd4 Nf6 5. Nc3 a6 6. Be3 e5 7. Nb3 Be7 8. f3 Be6 9. Qd2 0-0 10. 0-0-0 Nbd7 11. g4 b5 12. g5 Ne8 13. f4 Rc8 14. f5 Bxb3 15. axb3 Qa5 16. Kb1 f6 17. Nd5 Qd8 18. h4 Nc5 19. Bg2 a5 20. g6 a4 21. b4 Na6 22. Qe2 Nec7 23. Qh5 h6 24. Bxh6 Nxd5 25. Bxg7 1-0

[Event "GER-ch Net blitz qual4"]
[Site "Playchess.com INT"]
[Date "2020.03.23"]
[Round "9"]
[White "Radek, Dieter"]
[Black "Abele, Anais"]
[Result "1-0"]
[WhiteElo "1859"]
[BlackElo "1784"]
[PlyCount "59"]
[EventDate "2020.03.23"]
[EventType "swiss (blitz)"]
[EventRounds "9"]
[EventCountry "GER"]
[SourceTitle "CBM 195 Extra"]
[Source "ChessBase"]
[SourceDate "2020.05.31"]
[SourceVersion "1"]
[SourceVersionDate "2020.05.31"]
[SourceQuality "1"]

1. e4 c5 2. c3 d5 3. exd5 Qxd5 4. d4 cxd4 5. Nf3 Nf6 6. Be2 e6 7. 0-0 dxc3 8. Nxc3 Qxd1 9. Rxd1 a6 10. Bg5 Be7 11. Bxf6 Bxf6 12. Ne4 Be7 13. Rac1 0-0 14. a3 Nd7 15. b4 Nf6 16. Nc5 Bxc5 17. Rxc5 Bd7 18. Ne5 Rfd8 19. Rc7 Be8 20. Rxd8 Rxd8 21. g3 b6 22. Rb7 Nd7 23. Nc6 Ra8 24. Bf3 Kf8 25. Nd4 Rc8 26. Bc6 b5 27. Bxd7 Bxd7 28. Rxd7 Rc1+ 29. Kg2 Rd1 30. Nxe6+ 1-0

[Event "GER-ch Net blitz qual3"]
[Site "Playchess.com INT"]
[Date "2020.03.21"]
[Round "2"]
[White "Rott, Georg"]
[Black "Abele, Anais"]
[Result "1-0"]
[WhiteElo "2149"]
[BlackElo "1784"]
[PlyCount "93"]
[EventDate "2020.03.21"]
[EventType "swiss (blitz)"]
[EventRounds "9"]
[EventCountry "GER"]
[SourceTitle "CBM 195 Extra"]
[Source "ChessBase"]
[SourceDate "2020.05.31"]
[SourceVersion "1"]
[SourceVersionDate "2020.05.31"]
[SourceQuality "1"]

1. e4 c5 2. Nf3 d6 3. Bb5+ Bd7 4. Bxd7+ Nxd7 5. d4 cxd4 6. Qxd4 Ngf6 7. c4 e6 8. Nc3 a6 9. 0-0 Be7 10. Rd1 0-0 11. b3 Qc7 12. Ba3 Nc5 13. e5 dxe5 14. Qxe5 Qxe5 15. Nxe5 Nxb3 16. Bxe7 Nxa1 17. Bxf8 Rxf8 18. Rxa1 Rc8 19. Na4 b5 20. cxb5 axb5 21. Nb2 Rc2 22. Ned3 Ne4 23. Rc1 Rxc1+ 24. Nxc1 Nc3 25. Nbd3 Kf8 26. Kf1 Ke7 27. Ke1 Kd6 28. Kd2 Ne4+ 29. Ke3 Nc3 30. Kd4 Nd5 31. g3 f6 32. f4 h5 33. a3 g6 34. Ne2 g5 35. Nc3 Nc7 36. Ne4+ Ke7 37. fxg5 fxg5 38. Nxg5 Nd5 39. Nf3 Kd6 40. Nd2 e5+ 41. Nxe5 b4 42. Ndc4+ Ke6 43. a4 b3 44. a5 Nc7 45. Kc3 Na6 46. Kxb3 Nc5+ 47. Kb4 1-0

[Event "Youth District Germany"]
[Site "Wuerzburg"]
[Date "2018.10.07"]
[Round "7.6"]
[White "Zell, Hannah"]
[Black "Abele, Anais"]
[Result "0-1"]
[WhiteElo "1469"]
[BlackElo "1679"]
[PlyCount "126"]
[EventDate "2018.10.02"]
[EventType "team-swiss"]
[EventRounds "7"]
[EventCountry "GER"]
[SourceTitle "CBM 186 Extra"]
[Source "ChessBase"]
[SourceDate "2018.08.24"]
[SourceVersion "1"]
[SourceVersionDate "2018.08.24"]
[SourceQuality "1"]
[WhiteTeam "Wuerttemberg U20 II"]
[BlackTeam "Niedersachsen/SG Bremen U20"]
[WhiteTeamCountry "GER"]
[BlackTeamCountry "GER"]

1. e4 c5 2. Nf3 d6 3. Bb5+ Bd7 4. Bxd7+ Nxd7 5. c4 Ngf6 6. Nc3 g6 7. d4 cxd4 8. Nxd4 Bg7 9. 0-0 0-0 10. Be3 a6 11. f3 Rc8 12. Rc1 Rxc4 13. Nce2 Rxc1 14. Qxc1 Qc8 15. Qd2 Ne5 16. Rc1 Qb8 17. Bf4 Ned7 18. Nb3 Rc8 19. Be3 b5 20. Rxc8+ Qxc8 21. Qc3 Qxc3 22. Nxc3 Ne5 23. Nd4 Nc4 24. Bc1 Nxe4 25. fxe4 Bxd4+ 26. Kf1 Ne3+ 27. Bxe3 Bxe3 28. Nd5 Bg5 29. Nc7 Bf6 30. b3 Be5 31. h3 Kf8 32. Nxa6 e6 33. Nc7 b4 34. Nb5 Ke7 35. a3 bxa3 36. Nxa3 Kd7 37. Ke2 Kc6 38. Kd3 Kc5 39. Nc2 h5 40. Ke3 g5 41. g4 h4 42. Kf3 Bf4 43. Ke2 d5 44. Kd3 e5 45. b4+ Kd6 46. exd5 Kxd5 47. Ne1 e4+ 48. Ke2 Kc4 49. Nc2 Kc3 50. Ne3 Kxb4 51. Nf5 Kc5 52. Kf2 Kc4 53. Ke2 e3 54. Nh6 f6 55. Nf5 Kd5 56. Ng7 Ke5 57. Nf5 Ke4 58. Ne7 Bg3 59. Nf5 Bf2 60. Ng7 Kf4 61. Nf5 Bg1 62. Kf1 e2+ 63. Kxe2 Ba7 0-1

[Event "Youth District Germany"]
[Site "Wuerzburg"]
[Date "2018.10.05"]
[Round "4.6"]
[White "Bardorz, Jana"]
[Black "Abele, Anais"]
[Result "1-0"]
[WhiteElo "1810"]
[BlackElo "1679"]
[PlyCount "107"]
[EventDate "2018.10.02"]
[EventType "team-swiss"]
[EventRounds "7"]
[EventCountry "GER"]
[SourceTitle "CBM 186 Extra"]
[Source "ChessBase"]
[SourceDate "2018.08.24"]
[SourceVersion "1"]
[SourceVersionDate "2018.08.24"]
[SourceQuality "1"]
[WhiteTeam "Bayern U20 II"]
[BlackTeam "Niedersachsen/SG Bremen U20"]
[WhiteTeamCountry "GER"]
[BlackTeamCountry "GER"]

1. e4 c5 2. Nc3 Nc6 3. g3 g6 4. Bg2 Bg7 5. d3 e6 6. Be3 d6 7. Qd2 Nge7 8. Bh6 0-0 9. h4 f6 10. h5 Bxh6 11. Qxh6 g5 12. Nf3 Kh8 13. Nxg5 fxg5 14. Qxg5 Ng8 15. Qe3 Qf6 16. f4 Nd4 17. 0-0-0 Rb8 18. e5 dxe5 19. Rdf1 Bd7 20. Ne4 Qe7 21. fxe5 b6 22. c3 Nf5 23. Qf3 Nh4 24. Qe2 Nxg2 25. Qxg2 Bc6 26. Rf4 Rxf4 27. gxf4 Qg7 28. Qxg7+ Kxg7 29. Rg1+ Kh8 30. Ng5 Nh6 31. Nxe6 Bd5 32. Ng5 Rg8 33. a3 Bf7 34. Nxf7+ Nxf7 35. Rxg8+ Kxg8 36. Kd2 Kg7 37. Ke3 Kh6 38. Ke4 Kxh5 39. e6 Nd6+ 40. Ke5 Ne8 41. f5 Kg5 42. d4 cxd4 43. cxd4 h5 44. d5 h4 45. d6 Nxd6 46. Kxd6 h3 47. e7 h2 48. e8Q h1Q 49. Qg8+ Kf4 50. f6 Qd1+ 51. Qd5 Qg1 52. f7 Qg7 53. Ke7 Kg4 54. Qg2+ 1-0

[Event "Youth District Germany"]
[Site "Wuerzburg"]
[Date "2018.10.04"]
[Round "3.6"]
[White "Abele, Anais"]
[Black "Fock, Amina"]
[Result "0-1"]
[WhiteElo "1679"]
[BlackElo "1816"]
[PlyCount "106"]
[EventDate "2018.10.02"]
[EventType "team-swiss"]
[EventRounds "7"]
[EventCountry "GER"]
[SourceTitle "CBM 186 Extra"]
[Source "ChessBase"]
[SourceDate "2018.08.24"]
[SourceVersion "1"]
[SourceVersionDate "2018.08.24"]
[SourceQuality "1"]
[WhiteTeam "Niedersachsen/SG Bremen U20"]
[BlackTeam "Berlin U20"]
[WhiteTeamCountry "GER"]
[BlackTeamCountry "GER"]

1. e4 c5 2. Nf3 d6 3. d4 cxd4 4. Nxd4 Nf6 5. Nc3 a6 6. Be3 Ng4 7. Bc1 Nf6 8. Be2 e5 9. Nb3 Be7 10. Be3 Be6 11. f3 h5 12. Qd2 Nbd7 13. a4 Rc8 14. a5 Qc7 15. 0-0 0-0 16. Rfd1 Rfd8 17. Bd3 Nc5 18. Nxc5 dxc5 19. Qf2 Nd7 20. Nd5 Bxd5 21. exd5 c4 22. Be4 Qd6 23. c3 Rf8 24. Bf5 Rc7 25. Bxd7 Rxd7 26. Bb6 Rc8 27. Ra4 Qc6 28. dxc6 Rxd1+ 29. Qf1 Rxf1+ 30. Kxf1 Rxc6 31. Ra1 Kf8 32. Ke2 Rd6 33. Bc5 Rd5 34. Bxe7+ Kxe7 35. Ra4 Rb5 36. Ra2 Kd6 37. Ke3 f5 38. h3 h4 39. Ra4 Kd5 40. Ra2 f4+ 41. Kf2 e4 42. fxe4+ Kxe4 43. Ke2 Rg5 44. Kf1 Kd3 45. Ra4 Rb5 46. Ra2 Ke3 47. Kg1 f3 48. gxf3 Kxf3 49. Ra4 Rxb2 50. Rxc4 g5 51. Rc5 Rb5 52. Rc7 Kg3 53. c4 Rb1# 0-1

[Event "Hamburg CC Easter op 4th"]
[Site "Hamburg"]
[Date "2018.04.02"]
[Round "7"]
[White "Abele, Anais"]
[Black "Ertelt, Alf"]
[Result "0-1"]
[WhiteElo "1710"]
[BlackElo "1784"]
[PlyCount "122"]
[EventDate "2018.03.30"]
[EventType "swiss"]
[EventRounds "7"]
[EventCountry "GER"]
[SourceTitle "CBM 183 Extra"]
[Source "ChessBase"]
[SourceDate "2018.04.19"]
[SourceVersion "1"]
[SourceVersionDate "2018.04.19"]
[SourceQuality "1"]

1. e4 e6 2. d4 d5 3. Nd2 Be7 4. c3 Nf6 5. e5 Nfd7 6. f4 c5 7. Ngf3 Nc6 8. Nb3 a5 9. a4 0-0 10. Be2 f6 11. 0-0 b6 12. Be3 Bb7 13. Kh1 Qc7 14. Rc1 fxe5 15. fxe5 Qd8 16. Qe1 Kh8 17. Qg3 Ba6 18. Bxa6 Rxa6 19. Qg4 Rf5 20. h4 Qf8 21. Kg1 c4 22. Nbd2 Ra7 23. Ng5 Bxg5 24. hxg5 g6 25. Rxf5 Qxf5 26. Qxf5 gxf5 27. b3 cxb3 28. Nxb3 Ne7 29. c4 dxc4 30. Rxc4 Nd5 31. Kf2 Kg7 32. Rc6 Nf8 33. Ke2 Rc7 34. Rxc7+ Nxc7 35. Kd3 Nd5 36. Bd2 Kg6 37. g3 Kh5 38. Kc4 Kg4 39. Be1 Kxg5 40. Kb5 Kg4 41. Nd2 Nc3+ 42. Kxb6 Nxa4+ 43. Kxa5 Nb2 44. Nf1 Kf3 45. Bb4 Ng6 46. Kb6 Kf2 47. Nd2 Kxg3 48. Kc7 h5 49. Kd6 Nf4 50. Nf1+ Kf2 51. Bd2 Nc4+ 52. Kd7 Nxd2 53. Nxd2 h4 54. d5 Nxd5 55. Kxe6 Ne3 56. Kf7 h3 57. e6 Nd5 58. e7 Nxe7 59. Kxe7 h2 60. Kf6 h1Q 61. Kxf5 Qd5+ 0-1

[Event "Hamburg CC Easter op 4th"]
[Site "Hamburg"]
[Date "2018.03.30"]
[Round "1"]
[White "Abele, Anais"]
[Black "Malkiel, Daniel E"]
[Result "0-1"]
[WhiteElo "1710"]
[BlackElo "2138"]
[PlyCount "46"]
[EventDate "2018.03.30"]
[EventType "swiss"]
[EventRounds "7"]
[EventCountry "GER"]
[SourceTitle "CBM 183 Extra"]
[Source "ChessBase"]
[SourceDate "2018.04.19"]
[SourceVersion "1"]
[SourceVersionDate "2018.04.19"]
[SourceQuality "1"]

1. e4 e6 2. d4 d5 3. Nd2 Nc6 4. Ngf3 Nf6 5. e5 Nd7 6. c3 f6 7. exf6 Qxf6 8. Bd3 Bd6 9. Qe2 0-0 10. 0-0 e5 11. dxe5 Ndxe5 12. Nxe5 Nxe5 13. Nb3 c6 14. f4 Nxd3 15. Qxd3 Bf5 16. Qd1 Rae8 17. Qd4 Qg6 18. Be3 Bh3 19. Rf2 Re4 20. Qd2 Rfe8 21. Rf3 Rxe3 22. Rxe3 Rxe3 23. Kh1 Qe4 0-1

[Event "GER-chT U14"]
[Site "Verden an der Aller"]
[Date "2017.12.28"]
[Round "3.1"]
[White "Abele, Anais"]
[Black "Haller, Luis"]
[Result "1/2-1/2"]
[WhiteElo "1636"]
[BlackElo "1748"]
[PlyCount "91"]
[EventDate "2017.12.26"]
[EventType "team-swiss"]
[EventRounds "7"]
[EventCountry "GER"]
[SourceTitle "CBM 182 Extra"]
[Source "ChessBase"]
[SourceDate "2018.02.23"]
[SourceVersion "1"]
[SourceVersionDate "2018.02.23"]
[SourceQuality "1"]
[WhiteTeam "Aurich"]
[BlackTeam "Konz Karthaus"]
[WhiteTeamCountry "GER"]
[BlackTeamCountry "GER"]

1. e4 e6 2. d4 d5 3. Nd2 Nf6 4. e5 Nfd7 5. f4 c5 6. Ngf3 Nc6 7. Nb3 Qb6 8. c3 Be7 9. Be2 0-0 10. 0-0 f6 11. Kh1 Qc7 12. Be3 c4 13. Nbd2 b5 14. Qc2 a5 15. b3 Ba6 16. bxc4 bxc4 17. Rab1 Rab8 18. Rxb8 Rxb8 19. Rb1 Na7 20. a4 Rxb1+ 21. Qxb1 Qc6 22. Bd1 f5 23. g4 g6 24. gxf5 gxf5 25. Bc2 Nf8 26. Qg1+ Kh8 27. Ng5 Bxg5 28. Qxg5 Qe8 29. Qf6+ Kg8 30. Bxf5 exf5 31. Qxa6 Qxa4 32. Qxa7 Qd1+ 33. Kg2 Qe2+ 34. Bf2 Qxd2 35. Qxa5 Qxf4 36. Qxd5+ Kh8 37. Qf3 Ng6 38. Qxf4 Nxf4+ 39. Kf3 Nd5 40. Be1 Kg7 41. Kg3 Kg6 42. h4 h5 43. Kf3 Kf7 44. Ke2 Ke6 45. Kf3 Kf7 46. Ke2 1/2-1/2

[Event "Rostock SSC op 16th"]
[Site "Rostock"]
[Date "2017.07.30"]
[Round "7"]
[White "Abele, Anais"]
[Black "Mertens, Lothar"]
[Result "1-0"]
[WhiteElo "1582"]
[BlackElo "1668"]
[PlyCount "81"]
[EventDate "2017.07.26"]
[EventType "swiss"]
[EventRounds "7"]
[EventCountry "GER"]
[SourceTitle "EXT 2018"]
[Source "ChessBase"]
[SourceDate "2017.10.13"]
[SourceVersion "1"]
[SourceVersionDate "2017.10.13"]
[SourceQuality "1"]

1. e4 c5 2. Nf3 e6 3. d4 cxd4 4. Nxd4 Nc6 5. Nxc6 bxc6 6. c4 Nf6 7. Bd3 Bb4+ 8. Bd2 Bxd2+ 9. Qxd2 0-0 10. 0-0 d5 11. cxd5 cxd5 12. exd5 Nxd5 13. Be4 Rb8 14. Qc2 Nf6 15. Bd3 Qb6 16. b3 Bb7 17. Nd2 Rbc8 18. Nc4 Qc6 19. Ne3 Qd6 20. Qe2 Rfd8 21. Rfd1 Qf4 22. Ba6 Qe4 23. Bxb7 Qxb7 24. Rac1 Rxc1 25. Rxc1 h6 26. h3 Rd7 27. Qc2 Kf8 28. Qc5+ Ke8 29. Qc8+ Qxc8 30. Rxc8+ Ke7 31. Nc4 Rd1+ 32. Kh2 Rd7 33. a4 Nd5 34. a5 Rb7 35. a6 Rxb3 36. Ra8 Nb6 37. Rxa7+ Nd7 38. Ne5 Ra3 39. Nxd7 Kd6 40. Nb8 Kc5 41. Rxf7 1-0

[Event "Rostock SSC op 16th"]
[Site "Rostock"]
[Date "2017.07.28"]
[Round "5"]
[White "Abele, Anais"]
[Black "Spacek, Jan"]
[Result "1/2-1/2"]
[WhiteElo "1582"]
[BlackElo "1756"]
[PlyCount "57"]
[EventDate "2017.07.26"]
[EventType "swiss"]
[EventRounds "7"]
[EventCountry "GER"]
[SourceTitle "EXT 2018"]
[Source "ChessBase"]
[SourceDate "2017.10.13"]
[SourceVersion "1"]
[SourceVersionDate "2017.10.13"]
[SourceQuality "1"]

1. e4 c6 2. d4 d5 3. exd5 cxd5 4. Bd3 Nf6 5. Nf3 Bg4 6. h3 Bh5 7. c3 e6 8. 0-0 Bd6 9. Nbd2 Nbd7 10. Re1 0-0 11. Qc2 Rc8 12. Ne5 Qc7 13. Ndf3 Bg6 14. Nxg6 hxg6 15. Bg5 Bf4 16. Bxf4 Qxf4 17. Qd2 Qxd2 18. Nxd2 Rc7 19. Nf3 Rfc8 20. Ne5 Nxe5 21. Rxe5 a6 22. a4 Kf8 23. a5 Ne8 24. Ra3 Nd6 25. Rb3 Ke7 26. Kf1 Rh8 27. Re3 Rh4 28. g4 g5 29. Kg2 1/2-1/2

[Event "Rostock SSC op 16th"]
[Site "Rostock"]
[Date "2017.07.27"]
[Round "3"]
[White "Abele, Anais"]
[Black "Abele, Stefan"]
[Result "1/2-1/2"]
[WhiteElo "1582"]
[BlackElo "1687"]
[PlyCount "29"]
[EventDate "2017.07.26"]
[EventType "swiss"]
[EventRounds "7"]
[EventCountry "GER"]
[SourceTitle "EXT 2018"]
[Source "ChessBase"]
[SourceDate "2017.10.13"]
[SourceVersion "1"]
[SourceVersionDate "2017.10.13"]
[SourceQuality "1"]

1. e4 e5 2. Nf3 Nc6 3. g3 Nf6 4. d3 Be7 5. Bg2 0-0 6. 0-0 d6 7. h3 b5 8. c3 a5 9. Re1 b4 10. c4 Na7 11. Nbd2 c5 12. Nf1 Nc6 13. Be3 a4 14. Qe2 a3 15. b3 1/2-1/2

[Event "Rostock SSC op 16th"]
[Site "Rostock"]
[Date "2017.07.26"]
[Round "1"]
[White "Abele, Anais"]
[Black "Nour, Alaa"]
[Result "1/2-1/2"]
[WhiteElo "1582"]
[BlackElo "1930"]
[PlyCount "97"]
[EventDate "2017.07.26"]
[EventType "swiss"]
[EventRounds "7"]
[EventCountry "GER"]
[SourceTitle "EXT 2018"]
[Source "ChessBase"]
[SourceDate "2017.10.13"]
[SourceVersion "1"]
[SourceVersionDate "2017.10.13"]
[SourceQuality "1"]

1. e4 c5 2. Nf3 Nc6 3. d4 cxd4 4. Nxd4 d6 5. Nc3 g6 6. Be3 Bg7 7. Qd2 Bd7 8. 0-0-0 Rc8 9. Kb1 a6 10. h4 Nf6 11. f3 b5 12. g4 h5 13. g5 Nh7 14. Nxc6 Rxc6 15. Bd4 e5 16. Be3 0-0 17. Nd5 Be6 18. Bb6 Rxb6 19. Nxb6 Qxb6 20. Qxd6 Qa7 21. Rh2 Re8 22. Rhd2 Nf8 23. Qa3 Qa8 24. Rd6 Bc4 25. Bxc4 bxc4 26. Rxa6 Qc8 27. Qd6 Ne6 28. Qc6 Qxc6 29. Rxc6 Nd4 30. Rxc4 Nxf3 31. Rc3 Nxh4 32. Rh3 Ng2 33. a4 Bf8 34. Rc3 Nf4 35. Rc7 Ne6 36. Rc4 Nxg5 37. a5 Ne6 38. a6 Ra8 39. Rc6 Nd4 40. Rf6 Kg7 41. Rdf1 Ra7 42. Rxf7+ Rxf7 43. Rxf7+ Kxf7 44. a7 h4 45. a8Q Be7 46. Qh8 Nf3 47. Qh7+ Kf6 48. Kc1 Bc5 49. Qh6 1/2-1/2